Statistics for The Historically Black College and University (HBCU) Alumni Quiz!

Click here to take the quiz!

General Stats

  • This quiz has been taken 101 times
  • The average score is 9 of 25

Answer Stats

HintAnswer% Correct
Thurgood MarshallHoward University
79%
Martin Luther King, Jr.Morehouse College
79%
Marian Wright EdelmanSpelman College
70%
Ralph EllisonTuskegee University
59%
Charles BlowGrambling State University
52%
Ronald McNairNorth Carolina A&T
52%
Kwame KilpatrickFlorida A&M University
48%
Booker T. WashingtonHampton University
48%
Ralph AbernathyClark-Atlanta University
44%
Lt. Gen. Russel HonoreSouthern University
44%
W.E.B. DuboisFisk University
42%
Oprah WinfreyTennessee State University
40%
Alexis HermanXavier University (LA)
33%
Earl GravesMorgan State University
32%
Michael StrahanTexas Southern University
32%
A. Philip RandolphBethune-Cookman University
27%
Cassandra WilsonJackson State University
26%
Nathan McCallNorfolk State University
22%
Ed BradleyCheyney University (PA)
16%
Ella BakerShaw University
15%
William Julius WilsonWilberforce University
15%
Yingluck ShinawatraKentucky State University
14%
Langston HughesLincoln University (PA)
14%
Christa McAuliffeBowie State University
12%
Brian McKnightOakwood University
4%

Score Distribution

Percentile by Number Answered

Percent of People with Each Score

Your Score History

You have not taken this quiz